000 01147nam a22002537a 4500
005 20170124103047.0
010 _aA-443754
020 _c50.00
035 _aA-443754
037 _bCen Lib/Ret
040 _aDPL
_bHN
082 _a
_bशर्माश्री
100 _aशर्मा, श्रीराम
_969339
245 _aदो धाराएँ :
_cश्रीराम शर्मा
_bसामाजिक मौलिक उपन्यास /
246 _aDodharayen : samajik maulik uapnyas
_bby Shreeram Sharma
260 _aनयी दिल्ली
_bभारतीय ग्रन्थ निकेतन
_c1990
270 _a2713, कूचा चेलान, दरयागंज
_bनयी दिल्ली
_e110002
300 _a208पृ.
_c16सेमी (सजिल्द )
650 _aहिंदी साहित्य
_x
_z
_969340
650 _aहिंदी साहित्य
_v
_xउपन्यास
_969341
650 _aHindi literature
_969342
650 _aHindi literature
_xfiction
_969343
942 _2ddc
_cHN
_h
_mशर्माश्री
999 _c116974
_d116974